| 000 | 00751nam a2200253Ia 4500 | ||
|---|---|---|---|
| 003 | OSt | ||
| 005 | 20221002050942.0 | ||
| 006 | a|||||r|||| 00| 0 | ||
| 007 | ta | ||
| 008 | 220930b |||||||| |||| 00| 0 eng d | ||
| 024 | _a21559 | ||
| 037 | _cReference Collections | ||
| 040 |
_aCRL _cCRL _beng |
||
| 041 |
_2eng _aeng |
||
| 082 | _aV2,4M85k, L6 .25 (RR) | ||
| 100 |
_aZaidi A M Editor _9571944 |
||
| 245 | 0 | _aEncyclopaedia of the Indian National Congress | |
| 260 |
_aNew Delhi _bS Chand India _c1985 |
||
| 300 |
_a562p. _ccm. |
||
| 650 |
_a ENCYCLOPEDIAS AND DICTIONARIES _977 |
||
| 650 | _aINDIA - HISTORY | ||
| 942 |
_hV2,4M85k, L6 .25 (RR) _cref _2CC |
||
| 999 |
_c915693 _d915693 |
||